| 000 | 00576nam a2200145Ia 4500 | ||
|---|---|---|---|
| 008 | 140724s9999 xx 000 0 und d | ||
| 050 |
_aBF 637 _b.M337 2013 |
||
| 100 | _aMarinas, Kay-Ann V. | ||
| 245 |
_aAcademic performance and interpersonal relations of selected college students of Southville International School and Colleges with Dysfuntional Family / _cKay-Ann V. Marinas. |
||
| 260 |
_aLas PiƱas, Philippines : _bSouthville International School and Colleges, _cc2013. |
||
| 300 |
_a60 p. : _bill. ; _c28 cm. |
||
| 521 | _aPsychology | ||
| 942 | _cTH | ||
| 999 |
_c229192 _d229192 |
||